Normale Ansicht MARC-Ansicht ISBD

Für ein anderes Deutschland : (Titelsatznr. 10638)

[ MARC ]
MARC-Details
000 -Satzkennung
Kontrollfeld mit fester Länge 00681nam a22002051c 4500
001 - Kontrollnummer
Kontrollfeld a987685669
008 - Feld mit fester Länge zur physischen Beschreibung - Allgemeine Angaben
Kontrollfeld mit fester Länge 061023s2005 gw |||| 000u ger d
020 ## - Internationale Standardbuchnummer
Internationale Standardbuchnummer 3596139341
Verknüpfung 3-596-13934-1
041 ## - Sprachcode
Sprachcode des Textes/der Tonspur oder des separaten Titels ger
040 ## - Katalogisierungsquelle
Übertragungsstelle RU-10907106
003 - Kontrollnummer Identifier
Kontrollfeld RU-10907106
100 1# - Haupteintragung - Personenname
Personenname Ueberschär, Gerd R.
245 00 - Titel
Titel Für ein anderes Deutschland :
Zusatz zum Titel der Widerstand gegen den NS-Staat 1933-1945 /
Verfasserangabe etc. Gerd R. Überschär ; Peter Steinbach
264 ## - Produktion, Veröffentlichung, Distribution, Herstellung und Urheberrechtsvermerk
Herstellungs-, Veröffentlichungs- Vertriebs-, Erzeugungsort Frankfurt am Main :
Produzent, Herausgeber, Distributor, Hersteller Fischer-Taschenbuch-Verl.,
Datum der Herstellung, der Veröffentlichung, des Vertriebs oder des Urheberschutzvermerks 2005
300 ## - Physische Beschreibung
Umfang 400 S.
490 #0 - Gesamttitelangabe
Gesamttitelangabe Fischer-Taschenbuch
Bandnummer/Folgebezeichnung 13934 : Geschichte
650 #0 - Nebeneintragung unter einem Schlagwort - Sachschlagwort
Sachschlagwort oder geografischer Name als Eintragungselement Widerstand <Deutschland, 1933-1945>
700 1# - Nebeneintragung - Personenname
Personenname Steinbach, Peter
Funktionsbezeichnung VerfasserIn
942 ## - Zusätzliche Felder (Koha)
Koha-Medientyp Monographien
Exemplare
Ausgeschieden Verloren Klassifikation oder Aufstellungssystematik Beschädigt Nicht entleihbar Heimatbibliothek Aufenthaltsbibliothek Aufstellungsort Erwerbungsdatum Inventarnummer Signatur Barcode Letzte Aktivität Preis gültig von Koha-Medientyp
    Andere/Generische Klassifikation     MWN Osteuropa MWN Osteuropa Lesesaal - 1 23/10/2006 06-04912 D 52 el Ueb E004015079059E71 22/02/2021 22/03/2021 Monographien